Statistiken für Hauptstädte der deutschen Bundesländer

Klicken Sie hier um das Quiz zu spielen!

Allgemein

  • Dieses Quiz wurde 4.848 mal gespielt
  • Das Durchschnittsergebnis liegt bei 13 aus 16

Antwortstatistiken

BundeslandHauptstadt% Korrekt
HamburgHamburg
97%
BerlinBerlin
96%
BremenBremen
96%
BayernMünchen
96%
SaarlandSaarbrücken
89%
Baden-WürttembergStuttgart
87%
Schleswig-HolsteinKiel
84%
SachsenDresden
83%
Nordrhein-WestfalenDüsseldorf
83%
BrandenburgPotsdam
80%
NiedersachsenHannover
79%
Mecklenburg-VorpommernSchwerin
76%
ThüringenErfurt
75%
HessenWiesbaden
75%
Rheinland-PfalzMainz
73%
Sachsen-AnhaltMagdeburg
63%

Verteilung der Resultate

Perzentil nach korrekt beantworteten Fragen

Anzahl Personen mit jedem Resultat

Ihre Resultats-Entwicklung

Sie haben dieses Quiz noch nicht gespielt